World education report 1995 (Record no. 1891)

MARC details
000 -LEADER
fixed length control field 00314nam a2200121Ia 4500
020 ## - INTERNATIONAL STANDARD BOOK NUMBER
ISBN 92-3-103180-5
082 ## - DEWEY DECIMAL CLASSIFICATION NUMBER
Classification number 370.91724 WOR;
245 #0 - TITLE STATEMENT
Title World education report 1995
260 ## - PUBLICATION, DISTRIBUTION, ETC. (IMPRINT)
Place of publication Oxford
Name of publisher Unesco Publications
Year of publication 1995
300 ## - PHYSICAL DESCRIPTION
Number of Pages 174p.
650 ## - SUBJECT ADDED ENTRY--TOPICAL TERM
Topical Term Educational reports - Developed countries - 1995
942 ## - ADDED ENTRY ELEMENTS (KOHA)
Koha item type Books
Holdings
Withdrawn status Lost status Damaged status Not for loan Home library Current library Date acquired Bill Date Full call number Accession Number Price effective from Koha item type
        NASSDOC Library NASSDOC Library 08/06/2004 2008-12-30 370.91724 WOR; 35375 18/04/2019 Books